000 00694nam a22002057a 4500
005 20251108172519.0
008 250721s1997 xx 000 0 ara d
082 1 4 _a956.550223/دار
245 1 0 _aصانع السلام /
250 _aط5
264 1 _aعمان :
_bدار الناس للنشر و الإعلام،
_c1997.
300 _a559ص
650 1 7 _aالسلام
650 1 7 _aالسلام العربي الإسرائيلي
650 1 7 _aإتفاقية السلامالأردنية الإسرائيلية
650 1 7 _aعهد الملك الحسين بن طلال 1952-1999
710 2 _aدار الناس للنشر و الإعلام
942 _2ddc
_cBK
999 _c81293
_d81293